| 000 | 00503cam a2200205ua 4500 | ||
|---|---|---|---|
| 020 | _c00.75 | ||
| 041 |
_aeng _h |
||
| 082 |
_a546 _bSIT/PR |
||
| 100 | _aSitaraman, M V . | ||
| 245 |
_aPractical inorganic chemistry / _cM V Sitaraman. _hTextual Documents |
||
| 250 |
_a1 / _b. |
||
| 260 |
_aMadras : _bCentral Art press , _c1956. |
||
| 300 | _a68 ; . | ||
| 365 | _a00.75 | ||
| 504 | _a | ||
| 700 | 1 | _aGopalakrishnaiah, B . | |
| 942 | _cBK | ||
| 999 |
_c9356 _d9356 |
||